Most Common First Names in the United States - F - Statistics

General Stats
  • This quiz has been taken 515 times
  • The average score is 9 of 20
Answer Stats
Hint Answer % Correct
31 Frank
90%
71 Fred
88%
127 Francis
74%
393 Francis
74%
47 Frances
69%
131 Frederick
65%
107 Florence
45%
299 Freddie
44%
216 Franklin
41%
283 Felicia
38%
353 Flora
38%
484 Faith
36%
514 Francine
36%
259 Felix
34%
309 Faye
32%
344 Fannie
25%
238 Fernando
23%
145 Francisco
19%
432 Freda
16%
167 Floyd
15%
No matching quizzes found
Score Distribution
Percent of People with Each Score
Percentile by Number Answered
Your Score History
You have not taken this quiz